000 00678nam a22002417a 4500
003 UA-OsUOA
001 78507
007 ta
008 20111013b un ||||| |||| 00| 0 ukr d
100 _aГончаров И.А.
090 _a821.161.1
_bГ65
942 _cBK
040 _aUA-OsUOA
_brus
_cUA-OsUOA
_dUA-OsUOA
245 _aСочинения в 4-х томах
_bроман в пяти частях
_n4
300 _a448 с.
955 _a3
041 _arus
080 _a821.161.1
260 _aМ.
_bПравда
_c1980
246 3 1 _aтретья и пятая
_n
650 7 _a82 Література. Літературознавство
_2UDC
999 _c364825
_d364825